000 01000nam a2200229 a 4500
999 _c33211
_d33211
005 20190222145424.0
008 080508s2008 ctua 000 0 eng
010 _aB-368745-762, B-160548
020 _a9788124113226
_c245.00
035 _aB-368745-762, B-160548
037 _bBook Mark Distributors
040 _adpl
_bEnglish
082 _aS
100 _aGupta, Shobhna
245 _aTales of Akbar and Birbal /
_cby Shobhna Gupta
260 _aNew Delhi
_bHar Anand Publications
_c2010(repr.)
270 _aE-49/3, Okhla Industrial Area, Phase-II,
_bNew Delhi
_e110020
300 _a104p.:
_c30cm(Hb)
_bcol. ill
520 _aCollects anecdotes from teenagers about friendship, peer pressure, self-acceptance, family life, relationships, and overcoming obstacles.
942 _2ddc
_cCH
_mGUP
_hS